000 00247nam a2200121Ia 4500
100 _a#N/A
650 _aCompputers
942 _cBK
654 _aautocad
245 _aAUTO CAD 2008 for Engineers & Designers
260 _b#N/A
546 _aENGLISH
999 _c20494
_d20494